Radiohead Albums - Sudden Death - Statistics

General Stats
  • This quiz has been taken 192 times
  • The average score is 8 of 9
Answers on the Grid
Answers color-coded by a green-red scale on the quiz's grid according to % correct below.
Kid A
Pablo Honey
Loveless
OK Computer
Dummy
Hail to the Thief
A Moon Shaped Pool
The Bends
Grace
Is This It
In Rainbows
Funeral
The King of Limbs
Since I Left You
Amnesiac
White Blood Cells
 
Answer Stats
Answer % Correct
OK Computer
98%
Kid A
97%
Pablo Honey
96%
In Rainbows
95%
The Bends
94%
Hail to the Thief
87%
The King of Limbs
87%
Amnesiac
86%
A Moon Shaped Pool
83%
No matching quizzes found
Score Distribution
Percent of People with Each Score
Percentile by Number Answered
Your Score History
You have not taken this quiz